An irresistable force (Record no. 70041)
[ view plain ]
| 000 -LEADER | |
|---|---|
| fixed length control field | 01260cam a2200217 4500 |
| 001 - CONTROL NUMBER | |
| control field | ABS65418 |
| 008 - FIXED-LENGTH DATA ELEMENTS--GENERAL INFORMATION | |
| fixed length control field | 020423n2002 000 0 eng u |
| 035 ## - SYSTEM CONTROL NUMBER | |
| System control number | (Sirsi) u117636 |
| 245 #3 - TITLE STATEMENT | |
| Title | An irresistable force |
| 260 ## - PUBLICATION, DISTRIBUTION, ETC. | |
| Date of publication, distribution, etc. | 2002 |
| 490 ## - SERIES STATEMENT | |
| Series statement | Estates Gazette |
| Volume/sequential designation | (0214) 6 April 2002, 118-119(2) |
| 520 ## - SUMMARY, ETC. | |
| Summary, etc. | A "mainly for students" article examining the concept of force majeure which forms a key part of contract law. Explains the origins of force majeure in the French civil code and outlines the acceptance of force majeure by English courts, providing a number of definitions. Also examines the consequences of force majeure, the relationship between frustration and force majeure, what happens if there is no force majeure clause, and what happens if a party has agreed force majeure in several contracts. Concludes that a party cannot rely upon his own negligence, fault or default as an event of force majeure, and he is not liable for not being able to perform if he can prove uncontrollability, unforeseeability or unavoidability. Case law. |
| 590 ## - LOCAL NOTE (RLIN) | |
| Local note | ABS |
| 650 ## - SUBJECT ADDED ENTRY--TOPICAL TERM | |
| Topical term or geographic name entry element | FORCE MAJEURE |
| 650 ## - SUBJECT ADDED ENTRY--TOPICAL TERM | |
| Topical term or geographic name entry element | UNFORESEEN CIRCUMSTANCES |
| 650 ## - SUBJECT ADDED ENTRY--TOPICAL TERM | |
| Topical term or geographic name entry element | CONTRACT LAW |
| 650 ## - SUBJECT ADDED ENTRY--TOPICAL TERM | |
| Topical term or geographic name entry element | LIABILITY |
| 650 ## - SUBJECT ADDED ENTRY--TOPICAL TERM | |
| Topical term or geographic name entry element | FRUSTRATION |
| 690 ## - LOCAL SUBJECT ADDED ENTRY--TOPICAL TERM (OCLC, RLIN) | |
| Topical term or geographic name as entry element | LAW |
| 942 ## - ADDED ENTRY ELEMENTS (KOHA) | |
| Suppress in OPAC | 0 |
| Withdrawn status | Lost status | Source of classification or shelving scheme | Damaged status | Not for loan | Home library | Current library | Shelving location | Date acquired | Total Checkouts | Full call number | Barcode | Date last seen | Copy number | Price effective from | Koha item type |
|---|---|---|---|---|---|---|---|---|---|---|---|---|---|---|---|
| Dewey Decimal Classification | London | London | Journal article | 23/04/2002 | ABS65418 | 117636-1001 | 06/08/2019 | 1 | 06/08/2019 | Journal article |